Nalaganje...

Robert Lowell`s poems: a selection /

Bibliografske podrobnosti
Drugi avtorji: Raban, Jonathan Ed
Format: Printed Book
Izdano: London : Faber and Faber , 1974.
Teme:
LEADER 00587cam a2200145ua 4500
999 |c 27979  |d 27979 
082 1 4 |a  811.54LOW08  |b ROB 
245 1 0 |a Robert Lowell`s poems:  |b  a selection /  
260 |a London :   |b Faber and Faber ,  |c 1974. 
300 |a 192p. ;  
650 0 |a American poetry 
700 |a Raban, Jonathan Ed. 
942 |c BK 
952 |0 0  |1 0  |4 0  |6 811_000000000000000_54LOW09_ROB  |7 0  |9 35738  |a KU  |b KU  |d 2015-07-05  |l 0  |o 811.54LOW09 ROB  |p EN02020  |r 2015-07-05  |y BK 
952 |0 0  |1 0  |4 0  |6 811_000000000000000_54LOW08_ROB  |7 0  |9 69454  |a KU  |b KU  |d 2019-10-04  |l 0  |o 811.54LOW08 ROB  |p EN01094  |r 2019-10-04  |w 2019-10-04  |y BK